[Event "Serbia op-A"]
[Site "Belgrade"]
[Date "2025.07.22"]
[Round "8"]
[White "Markina, Sofiia"]
[Black "Girgis, Lazar"]
[Result "0-1"]
[WhiteElo "1914"]
[BlackElo "2027"]
[PlyCount "90"]
[EventDate "2025.07.14"]
[EventType "swiss"]
[EventRounds "9"]
[EventCountry "SRB"]
[SourceTitle "CB30_2025"]
[SourceDate "2025.07.23"]
[SourceVersion "1"]
[SourceVersionDate "2025.07.23"]
[SourceQuality "1"]

1. e4 c5 2. Nf3 d6 3. d4 cxd4 4. Nxd4 Nf6 5. Nc3 g6 6. Be3 Bg7 7. f3 Nc6 8. Qd2 0-0 9. 0-0-0 Be6 10. g4 Nxd4 11. Bxd4 Qa5 12. Kb1 Rfe8 13. h4 a6 14. h5 b5 15. b3 Rac8 16. hxg6 hxg6 17. g5 Nh5 18. Bxg7 Kxg7 19. Qd4+ Kg8 20. Ne2 Rxc2 21. Qa1 Rec8 22. Nd4 Rd2 23. Be2 Rxd1+ 24. Rxd1 Nf4 25. Qb2 Qc3 26. Rc1 Qxc1+ 27. Qxc1 Rxc1+ 28. Kxc1 Bd7 29. Bf1 Bh3 30. Ne2 Nd3+ 31. Kd2 Bxf1 32. Kxd3 f6 33. gxf6 exf6 34. Ke3 Bxe2 35. Kxe2 Kf7 36. Ke3 Ke6 37. Kf4 g5+ 38. Kg4 b4 39. f4 gxf4 40. Kxf4 a5 41. Ke3 Ke5 42. Kd3 d5 43. exd5 Kxd5 44. Ke3 f5 45. Kf4 Kd4 0-1

[Event "Serbia op-A"]
[Site "Belgrade"]
[Date "2025.07.21"]
[Round "7"]
[White "Chandreyee, Hajra"]
[Black "Markina, Sofiia"]
[Result "1-0"]
[WhiteElo "2044"]
[BlackElo "1914"]
[PlyCount "93"]
[EventDate "2025.07.14"]
[EventType "swiss"]
[EventRounds "9"]
[EventCountry "SRB"]
[SourceTitle "CB30_2025"]
[SourceDate "2025.07.23"]
[SourceVersion "1"]
[SourceVersionDate "2025.07.23"]
[SourceQuality "1"]

1. e4 c5 2. Nc3 g6 3. g3 Bg7 4. Bg2 Nc6 5. d3 d6 6. Be3 Rb8 7. Qd2 b5 8. Nge2 b4 9. Nd1 Nd4 10. Nc1 e6 11. 0-0 h5 12. h3 Ne7 13. c3 Ndc6 14. Ne2 a5 15. a3 f5 16. exf5 gxf5 17. Bg5 Ne5 18. Nf4 Kf7 19. axb4 cxb4 20. d4 bxc3 21. bxc3 N5g6 22. Bf3 Nxf4 23. gxf4 Bf6 24. Bxf6 Kxf6 25. Kh2 Ng6 26. d5 e5 27. fxe5+ dxe5 28. Rg1 Nf4 29. Ra4 Rg8 30. Rxg8 Qxg8 31. Rxf4 Qg5 32. Rd4 exd4 33. Qxd4+ Kg6 34. h4 Qd8 35. Qf4 Rb6 36. c4 a4 37. c5 a3 38. cxb6 a2 39. Qa4 f4 40. Qxa2 Qxh4+ 41. Kg1 Qg5+ 42. Kf1 Bh3+ 43. Ke1 Qe7+ 44. Qe2 Qb4+ 45. Qd2 Qe7+ 46. Be2 Qg5 47. Qc2+ 1-0

[Event "Serbia op-A"]
[Site "Belgrade"]
[Date "2025.07.14"]
[Round "6"]
[White "Markina, Sofiia"]
[Black "Aamuktha, Guntaka"]
[Result "1-0"]
[WhiteElo "1914"]
[BlackElo "2065"]
[PlyCount "69"]
[EventDate "2025.07.14"]
[EventType "swiss"]
[EventRounds "9"]
[EventCountry "SRB"]
[SourceTitle "CB30_2025"]
[SourceDate "2025.07.23"]
[SourceVersion "1"]
[SourceVersionDate "2025.07.23"]
[SourceQuality "1"]

1. e4 c5 2. Nf3 d6 3. d4 cxd4 4. Nxd4 Nf6 5. Nc3 a6 6. Bg5 e6 7. f4 Nbd7 8. Qf3 Qc7 9. 0-0-0 b5 10. a3 Rb8 11. g4 Be7 12. Bxf6 Nxf6 13. g5 Nd7 14. f5 Bxg5+ 15. Kb1 Ne5 16. Qh5 Bf6 17. Nxe6 Bxe6 18. fxe6 g6 19. Qh3 Qd8 20. Nd5 Bg5 21. exf7+ Kxf7 22. Be2 Kg7 23. Qg2 Rf8 24. h4 Bxh4 25. Qh3 Rf2 26. Nc7 Kh8 27. Nxa6 Rb6 28. Bxb5 g5 29. a4 Qf6 30. Qc8+ Kg7 31. Qc7+ Nd7 32. Qxd7+ Kh6 33. Qc7 d5 34. e5 Qg6 35. Bd3 1-0

[Event "EU-ch U14 Girls"]
[Site "Prague"]
[Date "2024.08.31"]
[Round "9"]
[White "Markina, Sofiia"]
[Black "Zagorac, Lara"]
[Result "0-1"]
[WhiteElo "1864"]
[BlackElo "2012"]
[PlyCount "52"]
[EventDate "2024.08.22"]
[EventType "swiss"]
[EventRounds "9"]
[EventCountry "CZE"]
[SourceTitle "CBM 221 Extra"]
[Source "ChessBase"]
[SourceDate "2024.09.30"]
[SourceVersion "1"]
[SourceVersionDate "2024.09.30"]
[SourceQuality "1"]

1. e4 c5 2. Nc3 g6 3. f4 Bg7 4. Nf3 Nc6 5. Bb5 Nd4 6. Bc4 e6 7. d3 Ne7 8. 0-0 0-0 9. Nxd4 cxd4 10. Ne2 d5 11. Bb3 Qb6 12. Kh1 Bd7 13. Ng3 h5 14. Qe1 Rfe8 15. Qf2 a5 16. a3 a4 17. Ba2 Qc6 18. Bb1 b5 19. Bd2 Qb7 20. Bb4 dxe4 21. dxe4 h4 22. Ne2 Qxe4 23. Qxh4 Qxe2 24. Re1 Nf5 25. Qh3 Qh5 26. Qd3 Bc6 0-1

[Event "EU-ch U14 Girls"]
[Site "Prague"]
[Date "2024.08.25"]
[Round "4"]
[White "Markina, Sofiia"]
[Black "Mitraka, Chrysa"]
[Result "1-0"]
[WhiteElo "1864"]
[BlackElo "1724"]
[PlyCount "101"]
[EventDate "2024.08.22"]
[EventType "swiss"]
[EventRounds "9"]
[EventCountry "CZE"]
[SourceTitle "CBM 221 Extra"]
[Source "ChessBase"]
[SourceDate "2024.09.30"]
[SourceVersion "1"]
[SourceVersionDate "2024.09.30"]
[SourceQuality "1"]

1. e4 c6 2. d4 d5 3. e5 c5 4. dxc5 e6 5. a3 Bxc5 6. Qg4 Ne7 7. Nf3 Ng6 8. Bd3 Nc6 9. 0-0 Qc7 10. Re1 Qb6 11. Qg3 Nd4 12. Nbd2 Bd7 13. Nxd4 Bxd4 14. c3 Bc5 15. Nf3 Bb5 16. Bc2 Rc8 17. h4 Bf8 18. h5 Ne7 19. Be3 Qc7 20. Nd4 Ba6 21. a4 Nc6 22. b4 Nxd4 23. Bxd4 Bc4 24. a5 Bb5 25. Rec1 Qc4 26. Bxa7 Rc6 27. Ba4 Bxa4 28. Rxa4 h6 29. Raa1 Qe2 30. Rcb1 Qd2 31. Bd4 Qg5 32. Qd3 Be7 33. Qb5 0-0 34. Qxb7 Rcc8 35. Be3 Rb8 36. Qxb8 Rxb8 37. Bxg5 hxg5 38. a6 Bd8 39. a7 Ra8 40. Ra6 Kf8 41. b5 Ke7 42. b6 Bxb6 43. Rbxb6 Kd7 44. Rb8 Rxa7 45. Rxa7+ Kc6 46. Rc8+ Kb6 47. Ra1 g4 48. Rb1+ Ka7 49. Rcb8 d4 50. R8b4 dxc3 51. Ra4# 1-0

[Event "CZE-ch U18 Girls"]
[Site "Jaromerice nad Rokytnou"]
[Date "2024.03.16"]
[Round "9"]
[White "Zelbova, Lada"]
[Black "Markina, Sofiia"]
[Result "1-0"]
[WhiteElo "1954"]
[BlackElo "1857"]
[PlyCount "75"]
[EventDate "2024.03.10"]
[EventType "tourn"]
[EventRounds "9"]
[EventCountry "CZE"]
[SourceTitle "EXT 2025"]
[Source "ChessBase"]
[SourceDate "2024.10.14"]
[SourceVersion "1"]
[SourceVersionDate "2024.10.14"]
[SourceQuality "1"]

1. d4 d5 2. c4 e6 3. Nc3 Be7 4. Nf3 Nf6 5. cxd5 exd5 6. Bg5 0-0 7. e3 Bf5 8. Bd3 Bxd3 9. Qxd3 c6 10. 0-0 Nbd7 11. Ne5 Nxe5 12. dxe5 Nd7 13. Bf4 f6 14. exf6 Nxf6 15. Rab1 Bd6 16. Bxd6 Qxd6 17. h3 Rad8 18. b4 Rf7 19. Qd4 a6 20. Rfd1 Rfd7 21. Rb2 Qe6 22. Na4 Qf7 23. Nc5 Rd6 24. a4 Ne4 25. a5 h6 26. Nxe4 dxe4 27. Qxd6 Rxd6 28. Rxd6 Qc4 29. Rdd2 Kh7 30. Kh2 Qe6 31. Rd4 Qe5+ 32. Kg1 c5 33. bxc5 Qxc5 34. Rxb7 Qxa5 35. Rdd7 Qe1+ 36. Kh2 Qxf2 37. Rxg7+ Kh8 38. Rgf7 1-0

[Event "CZE-ch U18 Girls"]
[Site "Jaromerice nad Rokytnou"]
[Date "2024.03.10"]
[Round "2"]
[White "Voriskova, Anna"]
[Black "Markina, Sofiia"]
[Result "0-1"]
[WhiteElo "1999"]
[BlackElo "1857"]
[PlyCount "60"]
[EventDate "2024.03.10"]
[EventType "tourn"]
[EventRounds "9"]
[EventCountry "CZE"]
[SourceTitle "EXT 2025"]
[Source "ChessBase"]
[SourceDate "2024.10.14"]
[SourceVersion "1"]
[SourceVersionDate "2024.10.14"]
[SourceQuality "1"]

1. e4 c6 2. d4 d5 3. Nc3 dxe4 4. Nxe4 Nf6 5. Nxf6+ exf6 6. c3 Bd6 7. Bd3 0-0 8. Qc2 Re8+ 9. Ne2 h5 10. 0-0 Nd7 11. Be3 Nf8 12. Rfe1 Qc7 13. h3 Be6 14. c4 Qd7 15. Bf4 Rad8 16. Rad1 g6 17. Bxd6 Qxd6 18. a3 h4 19. b4 Nh7 20. Nc3 Ng5 21. Bxg6 Bxh3 22. Bf5 Bxg2 23. Kxg2 Qf4 24. Rxe8+ Rxe8 25. Qd3 Kh8 26. Rg1 Nf3 27. Ne2 Rg8+ 28. Kf1 Rxg1+ 29. Nxg1 Qc1+ 30. Kg2 Ne1+ 0-1

[Event "Skalica op-B"]
[Site "Skalica"]
[Date "2023.08.19"]
[Round "1"]
[White "Markina, Sofiia"]
[Black "Skalicky, Jindrich"]
[Result "1-0"]
[WhiteElo "1648"]
[BlackElo "1129"]
[PlyCount "93"]
[EventDate "2023.08.19"]
[EventType "swiss"]
[EventRounds "9"]
[EventCountry "SVK"]
[SourceTitle "CBM 215 Extra"]
[Source "ChessBase"]
[SourceDate "2023.09.30"]
[SourceVersion "1"]
[SourceVersionDate "2023.09.30"]
[SourceQuality "1"]

1. e4 c5 2. Nf3 e6 3. g3 Nc6 4. Bg2 Qc7 5. d4 cxd4 6. Nxd4 a6 7. a4 Nxd4 8. Qxd4 Qc5 9. Qd1 d6 10. 0-0 Nf6 11. Nc3 Be7 12. Re1 Qc7 13. Be3 0-0 14. a5 Re8 15. Bb6 Qb8 16. f4 Kh8 17. Qd3 Nd7 18. Na4 Nxb6 19. Nxb6 Ra7 20. Rad1 Qc7 21. b4 Qb8 22. c3 Kg8 23. f5 exf5 24. exf5 Qc7 25. Qd4 Kf8 26. Nxc8 Rxc8 27. Qxa7 Qxc3 28. Qxb7 Qc7 29. Qxc7 Rxc7 30. Rc1 Rxc1 31. Rxc1 Bg5 32. Rc6 Be3+ 33. Kf1 Ke7 34. Rxa6 g6 35. fxg6 hxg6 36. b5 Kd8 37. b6 Bxb6 38. axb6 Kc8 39. Ra8+ Kd7 40. b7 Ke6 41. b8Q Ke5 42. Ra5+ Kf6 43. Qxd6+ Kg7 44. Qe5+ Kh7 45. Ra8 f6 46. Qxf6 g5 47. Be4# 1-0

[Event "Pardubice rapid op 34th"]
[Site "Pardubice"]
[Date "2023.07.20"]
[Round "5"]
[White "Markina, Sofiia"]
[Black "Svoboda, Petr"]
[Result "1/2-1/2"]
[WhiteElo "1584"]
[BlackElo "2088"]
[PlyCount "107"]
[EventDate "2023.07.19"]
[EventType "swiss (rapid)"]
[EventRounds "9"]
[EventCountry "CZE"]
[SourceTitle "CBM 215 Extra"]
[Source "ChessBase"]
[SourceDate "2023.09.30"]
[SourceVersion "1"]
[SourceVersionDate "2023.09.30"]
[SourceQuality "1"]

1. e4 e5 2. Nf3 Nc6 3. Bc4 d6 4. 0-0 Be7 5. d3 Bg4 6. Nbd2 Nf6 7. Re1 0-0 8. c3 Na5 9. Bb5 a6 10. Ba4 b5 11. Bc2 c5 12. Nf1 Re8 13. h3 Be6 14. Ng3 Bf8 15. Be3 g6 16. Qd2 Bg7 17. Bh6 Bh8 18. Ng5 Bd7 19. a3 c4 20. d4 Qc7 21. f4 Rad8 22. f5 Nc6 23. fxg6 fxg6 24. Kh1 Bg7 25. Bxg7 Kxg7 26. Rf1 Rf8 27. b3 h6 28. Nf3 Qc8 29. Nh2 Rf7 30. Rf2 Rdf8 31. Raf1 Nd8 32. d5 Nb7 33. b4 Qe8 34. h4 Nh7 35. Rxf7+ Rxf7 36. Rxf7+ Qxf7 37. Bd1 Qf4 38. Qxf4 exf4 39. Ne2 g5 40. hxg5 hxg5 41. g3 f3 42. Nxf3 g4 43. Nh4 Kf6 44. Nd4 Ke5 45. Bc2 Ng5 46. Ng6+ Kf6 47. Nf4 Nd8 48. Kg1 Ngf7 49. Kf2 Ne5 50. Nh5+ Kg5 51. Nf4 Kf6 52. Nh5+ Kg5 53. Nf4 Kf6 54. Kg1 1/2-1/2

[Event "CZE-ch U12 Girls"]
[Site "Teplice"]
[Date "2023.03.11"]
[Round "1"]
[White "Markina, Sofiia"]
[Black "Hujova, Tess"]
[Result "1-0"]
[WhiteElo "1468"]
[BlackElo "1094"]
[PlyCount "59"]
[EventDate "2023.03.11"]
[EventType "swiss"]
[EventRounds "9"]
[EventCountry "CZE"]
[SourceTitle "CBM 213 Extra"]
[Source "ChessBase"]
[SourceDate "2023.05.31"]
[SourceVersion "1"]
[SourceVersionDate "2023.05.31"]
[SourceQuality "1"]

1. e4 e6 2. d4 b6 3. Nd2 Bb7 4. Ngf3 c5 5. c3 cxd4 6. cxd4 Nf6 7. Bd3 Bb4 8. Qe2 d6 9. 0-0 0-0 10. a3 Bxd2 11. Bxd2 Re8 12. Bg5 e5 13. d5 a6 14. h3 Nbd7 15. Nh2 b5 16. Ng4 h6 17. Bh4 Kh7 18. f4 Qb6+ 19. Bf2 Qd8 20. fxe5 Nxg4 21. hxg4 dxe5 22. Be3 f6 23. Qf2 Rc8 24. Qh4 Nc5 25. Bc2 Qd6 26. Bxh6 gxh6 27. Rxf6 Qb8 28. Qxh6+ Kg8 29. Rg6+ Kf7 30. Qg7# 1-0

[Event "CZE-chT2B 2223"]
[Site "Czech Republic"]
[Date "2022.11.20"]
[Round "3.7"]
[White "Janda, Jiri"]
[Black "Markina, Sofiia"]
[Result "1-0"]
[WhiteElo "2127"]
[BlackElo "1439"]
[PlyCount "45"]
[EventDate "2022.10.16"]
[EventType "team-tourn"]
[EventRounds "11"]
[EventCountry "CZE"]
[SourceTitle "EXT 2024"]
[Source "ChessBase"]
[SourceDate "2023.10.10"]
[SourceVersion "1"]
[SourceVersionDate "2023.10.10"]
[SourceQuality "1"]
[WhiteTeam "Kobylisy"]
[BlackTeam "Aurora"]
[WhiteTeamCountry "CZE"]
[BlackTeamCountry "CZE"]

1. e4 c5 2. Nc3 d6 3. f4 Nc6 4. Nf3 e6 5. Bc4 Be7 6. 0-0 Nf6 7. Bb3 0-0 8. d3 b6 9. Qe1 Bb7 10. Qg3 Kh8 11. Qh3 Bc8 12. Bd2 e5 13. f5 Nd4 14. Nxd4 cxd4 15. Nd5 Nxd5 16. Bxd5 Rb8 17. Qh5 g6 18. Qh6 Bf6 19. fxg6 fxg6 20. Bg5 Bg7 21. Bxd8 Bxh6 22. Rxf8+ Bxf8 23. Bc7 1-0

[Event "Ricany op 20th"]
[Site "Ricany"]
[Date "2022.09.02"]
[Round "8"]
[White "Pechanek, Krystof Jan"]
[Black "Markina, Sofiia"]
[Result "1/2-1/2"]
[WhiteElo "1556"]
[BlackElo "1551"]
[PlyCount "51"]
[EventDate "2022.08.27"]
[EventType "swiss"]
[EventRounds "9"]
[EventCountry "CZE"]
[SourceTitle "CBM 210 Extra"]
[Source "ChessBase"]
[SourceDate "2022.11.30"]
[SourceVersion "1"]
[SourceVersionDate "2022.11.30"]
[SourceQuality "1"]

1. d4 d5 2. Bf4 Nf6 3. e3 e6 4. c3 c5 5. Nf3 Bd6 6. Bb5+ Nc6 7. Ne5 Qc7 8. Nxc6 bxc6 9. Bxd6 Qxd6 10. Be2 0-0 11. Nd2 cxd4 12. cxd4 Qb4 13. Qb3 Rb8 14. Qxb4 Rxb4 15. b3 Re8 16. Nf3 Ne4 17. Bd3 Nc3 18. Kd2 Nb5 19. Ne5 Bb7 20. h4 Rd8 21. Rac1 Rd6 22. h5 f6 23. Nf3 Rd7 24. a4 Nd6 25. Kc2 a5 26. Kb2 1/2-1/2

[Event "Ricany op 20th"]
[Site "Ricany"]
[Date "2022.08.30"]
[Round "5"]
[White "Markina, Sofiia"]
[Black "Kubicek, Daniel1"]
[Result "0-1"]
[WhiteElo "1551"]
[BlackElo "1364"]
[PlyCount "98"]
[EventDate "2022.08.27"]
[EventType "swiss"]
[EventRounds "9"]
[EventCountry "CZE"]
[SourceTitle "CBM 210 Extra"]
[Source "ChessBase"]
[SourceDate "2022.11.30"]
[SourceVersion "1"]
[SourceVersionDate "2022.11.30"]
[SourceQuality "1"]

1. e4 e5 2. Nf3 Nc6 3. Bc4 Nf6 4. d3 Bc5 5. c3 d5 6. exd5 Nxd5 7. 0-0 0-0 8. b4 Be7 9. h3 Bf6 10. Re1 e4 11. Bxd5 exf3 12. Bxf3 Nxb4 13. d4 Nd5 14. Bb2 c6 15. Nd2 Be6 16. Ne4 Be7 17. Qd2 Qd7 18. Rad1 Rad8 19. Qc1 Nf6 20. Nc5 Bxc5 21. dxc5 Qe7 22. c4 Qxc5 23. Ba3 Rxd1 24. Rxd1 Qxc4 25. Qxc4 Bxc4 26. Bxf8 Kxf8 27. a3 Ke7 28. Rc1 Bb5 29. Rb1 b6 30. Rb4 Kd6 31. g4 g5 32. h4 h6 33. hxg5 hxg5 34. Kg2 a5 35. Rb3 Nd5 36. Bxd5 Kxd5 37. Rf3 Ke6 38. Rf5 f6 39. Rf3 c5 40. Rb3 Bc6+ 41. f3 b5 42. Kf2 b4 43. axb4 axb4 44. Ke3 Bd5 45. Rb2 b3 46. Kd3 Bxf3 47. Rxb3 c4+ 48. Kxc4 Bd5+ 49. Kc3 Bxb3 0-1